Word Ladder: Let It Go Lyrics Quiz Stats

 Plays Quiz Updated Jun 28, 2014

Support Sporcle.
Go Orange.
Score 0/42 Timer 05:00
0 Plays Today
Hint 4-Letter Word % Correct
♫ The ____ glows white on the mountain tonight ♫ SNOW
96.4%
♫ Not a ____print to be seen ♫ FOOT
95.4%
♫ A kingdom of isolation, And it looks ____ I’m the queen. ♫ LIKE
95.4%
♫ The ____ is howling like this swirling storm inside ♫ WIND
93.3%
Nasal dischargeSNOT
92.1%
Chimney residueSOOT
90.8%
♫ ____ let them in, ____ let them see. ♫ DON'T
90.2%
♫ Couldn’t ____ it in, heaven knows I tried ♫ KEEP
89.4%
♫ Let it go, let it go. Turn away and slam the ____. ♫ DOOR
88%
Jab or prod with fingerPOKE
87.8%
Unwanted garden plantWEED
87.5%
Military strongholdFORT
85.7%
Golfers' warningFORE
85.6%
♫ Let it go, let it go. Can’t ____ it back anymore ♫ HOLD
84.8%
Shed tearsWEEP
84.6%
♫ Be the ____ girl you always have to be ♫ GOOD
84.5%
Long-bodied predatory freshwater fishPIKE
84.5%
Tiny skin openingPORE
84.3%
♫ Conceal, don’t ____, don’t let them know. ♫ FEEL
81.9%
Point connectorLINE
80.6%
Large brown seaweed KELP
79.9%
Hint 4-Letter Word % Correct
♫ ____, now they know. ♫ WELL
79.1%
Wander by indirect routeWEND
79%
Not imitation or artificialREAL
77.5%
Highest Alp, ____ BlancMONT
77.2%
Swedish opera singer JennyLIND
77.1%
Join metal by heatWELD
75.8%
What 12 is to 144ROOT
75.6%
Comprehend printed matterREAD
74.4%
Result of fender benderDENT
73.2%
To cut down a treeFELL
73.2%
Highway, thoroughfareROAD
71%
Of no significance or importanceMOOT
69.4%
Lively Scottish or Irish folk danceREEL
68.2%
Large, wooden crucifixROOD
67.4%
Elevated tract of open countryWOLD
66.6%
Covering for head and neckHOOD
65.4%
Spiked stick for driving cattleGOAD
63.6%
Shoulder muscle (abbrev.)DELT
63.2%
Temporary state of mind or feelingMOOD
61.8%
Tract of uncultivated uplandMOOR
61.7%
Former Boston lead singer BradDELP
60.9%

Today's Daily Dose

Missing Word
Food in Lyrics

Word Ladder
Bouquet

You're not logged in!

Compare scores with friends on all Sporcle quizzes.
OR
Log In

From the Vault

That Movie Was Terrible...

by Justinpbg

Everyone's a critic, but sometimes the movie really deserves it.
Remove Ads.
Support Sporcle.
Get the best of Sporcle when you Go Orange. This ad-free experience offers more features, more stats, and more fun while also helping to support Sporcle. Thank you for becoming a member.

Show Comments

Extras

Top Quizzes Today


Score Distribution

Your Account Isn't Verified!

In order to create a playlist on Sporcle, you need to verify the email address you used during registration. Go to your Sporcle Settings to finish the process.

Report this User

Report this user for behavior that violates our Community Guidelines.

Details: